|
|
|
|
| LEADER |
00860nam a2200301 4500 |
| 001 |
DLU030021079 |
| 003 |
##DLU |
| 005 |
##20021230 |
| 008 |
##021230t vn z000 vie d |
| 040 |
# |
# |
|a DLU
|b vie
|
| 041 |
# |
# |
|a vie
|
| 044 |
# |
# |
|a vn
|
| 082 |
# |
# |
|a 352.73
|b NG-K
|
| 100 |
# |
# |
|a Nguyễn Đình Khả
|e Chủ biên
|
| 245 |
# |
# |
|a Hỏi đáp về quỹ "Đền ơn đáp nghĩa" /
|c Nguyễn Đình Khả chủ biên ; Phan Xuân Trọng, Dương MInh Đỗ biên soạn
|
| 260 |
# |
# |
|a H. :
|b Lao động xã hội,
|c 2001
|
| 300 |
# |
# |
|a 114 tr. ;
|c 19 cm
|
| 700 |
# |
# |
|a Dương Minh Đỗ
|e biên soạn
|
| 700 |
# |
# |
|a Phan Xuân Trọng
|e biên soạn
|
| 992 |
# |
# |
|a 12000
|
| 994 |
# |
# |
|a DLU
|
| 900 |
# |
# |
|a True
|
| 911 |
# |
# |
|a Phan Ngọc Đông
|
| 925 |
# |
# |
|a G
|
| 926 |
# |
# |
|a A
|
| 927 |
# |
# |
|a SH
|
| 980 |
# |
# |
|a Thư viện Trường Đại học Đà Lạt
|